| 000 | 00435nam a2200157Ia 4500 | ||
|---|---|---|---|
| 008 | 160316s1989 xxu||||| |||| 00| 0 eng d | ||
| 082 |
_a347.080000 _bCOO |
||
| 100 | _aColley John W | ||
| 245 | _aAppallate advocacy manual : A design approach | ||
| 250 | _a | ||
| 260 |
_aIllinois _bCallaghan & Co _c1989 |
||
| 300 |
_a206p. _b _cxxxii |
||
| 365 | _b | ||
| 650 | _a1.Appallate procedure - U S A 2.Trial Practice - U S A | ||
| 700 |
_a _a |
||
| 999 |
_c7385 _d7385 |
||